From the Rhine to victory : a newsreel history /

This documentary, produced by British Paramount News, is about the closing stages of the war against Germany.

Bibliographic Details
Format: Video
Language:English
Language Notes:In English.
Published: Toronto, ON : Entertainment One Ltd., 1943.
Series:World history in video
Subjects:
Online Access:Connect to this streaming video (Alexander Street Press)

MARC

Tag First Indicator Second Indicator Subfields
LEADER 00000cgm a2200000Ma 4500
001 in00005562521
006 m o c
007 cr |n||||||||a
007 vz |za|z|
008 150212s1943 onc049 e o vueng d
005 20241201232207.5
035 |a (OCoLC)ocn911956114 
040 |a ALSTP  |b eng  |e pn  |c ALSTP  |d OCLCO  |d VLB  |d OCLCF  |d OCLCQ  |d OCLCO  |d OCL  |d OCLCQ  |d WYU  |d OCL  |d OCLCO  |d OCLCQ  |d OCLCL 
035 |a (OCoLC)911956114 
050 4 |a D743  |b .F76 1943ev 
082 0 4 |a 940.53  |q OCoLC  |2 21/eng/20230216 
049 |a TXAM 
245 0 0 |a From the Rhine to victory :  |b a newsreel history /  |c produced by British Paramount News. 
260 |a Toronto, ON :  |b Entertainment One Ltd.,  |c 1943. 
300 |a 1 online resource (49 min.). 
306 |a 004807 
336 |a two-dimensional moving image  |b tdi  |2 rdacontent 
337 |a computer  |b c  |2 rdamedia 
338 |a online resource  |b cr  |2 rdacarrier 
490 0 |a World history in video 
500 |a Title from resource description page (viewed Feb. 13, 2015). 
520 |a This documentary, produced by British Paramount News, is about the closing stages of the war against Germany. 
546 |a In English. 
650 0 |a World War, 1939-1945  |x Campaigns. 
650 6 |a Guerre mondiale, 1939-1945  |x Campagnes et batailles. 
650 7 |a Military campaigns.  |2 fast  |0 (OCoLC)fst01710190 
647 7 |a World War  |d (1939-1945)  |2 fast  |0 (OCoLC)fst01180924  |1 https://id.oclc.org/worldcat/entity/E39Qhp4vBbhpRH9XvjbDFXtxhb 
648 7 |a 1939-1945  |2 fast 
655 7 |a Documentary films.  |2 fast  |0 (OCoLC)fst01710390 
655 7 |a Documentary films.  |2 lcgft 
655 7 |a Documentaires.  |2 rvmgf 
710 2 |a British Paramount News.  |4 prn 
710 2 |a Entertainment One Ltd.  |4 prn 
856 4 0 |u http://proxy.library.tamu.edu/login?url=https://www.aspresolver.com/aspresolver.asp?AVN2;1853979  |z Connect to this streaming video (Alexander Street Press)  |t 0 
955 |a Alexander Street Press subscription streaming video 
994 |a 92  |b TXA 
999 f f |s b8c245bb-d82e-4479-b50e-3389c06ebddf  |i 5bf0c15f-6547-4885-aef6-bf8d4c71f12a  |t 0 
952 f f |a Texas A&M University  |b College Station  |c Electronic Resources  |d Available Online  |t 0  |e D743 .F76 1943ev  |h Library of Congress classification 
998 f f |a D743 .F76 1943ev  |t 0  |l Available Online